000 00339nam a2200133Ia 4500
008 240624s9999 xx 000 0 und d
041 _aeng
082 _a658.3 HRO
100 _aHROMAS ROBERT
245 _aEINSTEIN S BOSS 10 RULES FOR LEADING GEN
260 _c2018
_aNew York
_bAmacom
300 _axvii, 222 p.; 23 cm.
365 _c
_b33
999 _c32195
_d32195